Management of convergence in innovation : strategies and capabilities for value creation beyond blurring industry boundaries (Record no. 1303999)

MARC details
000 -LEADER
fixed length control field 00664nam a2200205Ia 4500
005 - DATE AND TIME OF LATEST TRANSACTION
control field 20250326144519.0
008 - FIXED-LENGTH DATA ELEMENTS--GENERAL INFORMATION
fixed length control field 250326s9999 xx 000 0 und d
020 ## - INTERNATIONAL STANDARD BOOK NUMBER
International Standard Book Number 978-3-7908-1989-2
037 ## - SOURCE OF ACQUISITION
Stock number Textbook
040 ## - CATALOGING SOURCE
Original cataloging agency FMSL
Language of cataloging eng
Transcribing agency FMSL
041 ## - LANGUAGE CODE
Language code of text/sound track or separate title eng
Source of code eng
084 ## - COLON CLASSIFICATION NUMBER
Classification number X:8 P8
Assigning agency FMSL
100 ## - MAIN ENTRY--PERSONAL NAME
Personal name Hacklin Fredrik
9 (RLIN) 749808
245 #0 - TITLE STATEMENT
Title Management of convergence in innovation : strategies and capabilities for value creation beyond blurring industry boundaries
Statement of responsibility, etc. Hacklin Fredrik
260 ## - PUBLICATION, DISTRIBUTION, ETC.
Place of publication, distribution, etc. Germany
Name of publisher, distributor, etc. Germany, Springer
Date of publication, distribution, etc. 2008
300 ## - PHYSICAL DESCRIPTION
Extent xviii,260
365 ## - TRADE PRICE
Price amount 5955.8445000000002
942 ## - ADDED ENTRY ELEMENTS (KOHA)
Koha item type Textbook
Classification part X:8 P8
Holdings
Withdrawn status Lost status Damaged status Not for loan Home library Current library Date acquired Source of acquisition Cost, normal purchase price Total Checkouts Full call number Barcode Date last seen Price effective from Koha item type
        Faculty of Management Library Faculty of Management Library 2025-03-26 Index International 5955.84   X:8 P8 ML1488027 2025-03-26 2025-03-26 Textbook
Copyright @ Delhi University Library System